000 00579nam a2200181Ia 4500
008 190427s9999 xx 000 0 und d
100 _aLee Sang Gun
245 _aPercieved Usefulness factors of online reviews: A study of Amazon.com/
245 _cSang Gun Lee, Silvana Trimi and Chang Gyu Yang.--
260 _bTaylor and Francis Group
260 _c2018
300 _apages 344-352, 2018
440 _aJournal of Computer Inforamation System
_v58(4)
650 _aOnline Review
650 _aPotential Customer
650 _aStar Rating
650 _aType of Product
999 _c361740
_d361740